000 00954nam a2200265Ia 4500
001 21963
005 20260320113329.0
008 260320s9999||||xx |||||||||||||| ||und||
020 _a9786123263287
041 _aESP
082 _a320.985
_bP18
100 _aPajuelo Teves, Ramón,
_eCOR
245 0 _aEl laberinto político peruano :
_bizquierdas, derechas y nuevas formas de representación en cinco regiones
246 _a
_5
_b
250 _aPrimera edición
260 _aLima :
_bIEP Instituto de Estudios Peruanos,
_c2025
300 _a292 páginas :
_bfotografías, mapas ;
_c21 cm.
_e
440 _a(Ideología y política
_n; número 64)
_v
650 _aCIS
653 _aPolítica - Perú; Gobiernos regionales; Análisis sociológico; Rol del Estado
654 _aDER
700 _a
_c
856 _uhttps://0u20jme4p-y-https-www-jstor-org.itmsp.museknowledge.com/
_zVéase además: Base de datos JSTOR
942 _cLIB
_dJUS
_fMAT
_2ddc
_n
999 _c21963
_d21963